• 首页
  • 本馆介绍
  • 公告通知
  • 最新文献
  • 馆藏检索
  • 电子资源
  • 读者荐购
  • 参考咨询
  • CALIS
  • 我的图书馆
  • 登录
  • 详细信息显示
  • 放入我的书架
  • 预约/预借图书
  • 作者相关作品
  • 分类相关作品
  • 丛书相关作品
  • 出版社相关作品

书目信息

  • 表格格式
  • 工作单格式
  • 卡片格式
题名:
突发的思想交锋
    
 
作者: 惠西平 主编 ;邢小利 , 李宏 编撰
分册:  
出版信息: 西安   太白文艺出版社  2001.02
页数: 394页
开本: 20cm
丛书名:
单 册:
中图分类: I209
科图分类:
主题词: 当代文学--dang dai wen xue--文学评论--中国--文集
电子资源:
ISBN: 7-80605-941-5
 
 
 
 
 
000 00952nam0 2200253 450
001 010237654708
005 20081225163911.98
010    @a7-80605-941-5@dCNY18.00
100    @a20051126d2001 km y0chiy0120 ea
101 0  @achi
102    @aCN@b610000
105    @ac z 000yy
200 1  @a突发的思想交锋@Atu fa de si xiang jiao feng@f惠西平主编@Fhui xi ping zhu bian@g邢小利, 李宏编撰@Gxing xiao li,li hong bian zhuan
210    @a西安@c太白文艺出版社@d2001.02
215    @a394页@c肖像@d20cm
304    @a封面、版权页及书脊副书名:博士直谏陕西文坛及其他
330    @a本书为青年学者李建军对陕西文坛发表言论的评论集,内容包括关于文学批评和陕西作家创作的答问、与李建军商榷《怀念狼》等。
606 0  @a当代文学@Adang dai wen xue@x文学评论@y中国@j文集
690    @aI209@v4
701  0 @a惠西平@Ahui xi ping@4主编
702  0 @a邢小利@Axing xiao li@4编撰
702  0 @a李宏@Ali hong@4编撰
801  0 @aCN@bRULIN@c20081225
905    @aZUCC@dI209@eL172
    
    突发的思想交锋/惠西平主编/邢小利, 李宏编撰.-西安:太白文艺出版社,2001.02
    394页:肖像;20cm
    
    
    ISBN 7-80605-941-5:CNY18.00
    本书为青年学者李建军对陕西文坛发表言论的评论集,内容包括关于文学批评和陕西作家创作的答问、与李建军商榷《怀念狼》等。
●
相关链接 在E读中查询图书 在当当中查询图书 在豆瓣中查询图书


正题名:突发的思想交锋     索取号:I209/L172         预约/预借

序号 登录号 条形码 馆藏地/架位号 状态 备注
1 715324   207153248   社科二线400B/400B社科库 14排4列3层/ [索取号:I209/L172] 在馆    
河南城建学院图书馆 欢迎您!
大连网信软件有限公司© 版权所有